000 00987nam a2200289Ia 4500
001 B4351
003 IT-RoPAU
008 130308s9999 xx 000 0 und d
040 _aIT-RoPAU
040 _cIT-RoPAU
041 _aITALIANO
100 _aCalabrese Omar
100 _gCodice Aut. SPICS: 8617
245 _aRappresentazione della morte e morte della rappresentazione
245 _bSemiotica delle Passioni-Saggi di Analisi Semantica e Testuale
250 _a1a ed.
260 _aBOLOGNA
260 _bEsculapio
260 _c1991 [1° Ed.:1991 - Ed.Ling.Originale:1991]
300 _a"12 p. (prefazione: no ; testo: 12 [pagine: 97-108])"
500 _aProspettiva e Storia. Irrappresentabilità della Morte. motivi della rappresentazione del Morire. Sguardo di Cristo e di San Sabastiano. soluzione moderna: Morte Come Effetto del Veder Morire.
650 _aSEMIOLOGIA
650 _eCodice materia Spics: 3251
942 _cBK
957 _71
999 _c78265
_d78265
999 _g1